Separovanie komunálneho odpadu - realita v mnohých mestách a obciach na Slovensku
Výsledky dotazníkového prieskumu nakladania s komunálnym odpadom v mestách a obciach na Slovensku. Vývoz KO. Separované zložky KO. Faktory odrádzajúce občanov od separácie KO. Úroveň separácie.
Gespeichert in:
| 1. Verfasser: | |
|---|---|
| Weitere Verfasser: | |
| Format: | Buchkapitel |
| Sprache: | Slowakisch |
| Schlagworte: | |
| Tags: |
Keine Tags, Fügen Sie das erste Tag hinzu!
|
MARC
| LEADER | 00000naa a2200000 4500 | ||
|---|---|---|---|
| 001 | 0177201 | ||
| 005 | 20240502073023.3 | ||
| 041 | 0 | |a slo | |
| 044 | |a SK | ||
| 245 | 1 | 0 | |a Separovanie komunálneho odpadu - realita v mnohých mestách a obciach na Slovensku |c Michal Stričík, Erika Liptáková |
| 520 | |a Výsledky dotazníkového prieskumu nakladania s komunálnym odpadom v mestách a obciach na Slovensku. Vývoz KO. Separované zložky KO. Faktory odrádzajúce občanov od separácie KO. Úroveň separácie. | ||
| 610 | 2 | 0 | |a odpad |
| 610 | 2 | 0 | |a odpad komunálny |
| 610 | 2 | 0 | |a zber separovaný |
| 610 | 2 | 0 | |a mestá |
| 610 | 2 | 0 | |a obce |
| 610 | 2 | 0 | |a Slovensko |
| 100 | 1 | |a Stričík, Michal, 1969- | |
| 700 | 1 | |a Liptáková, Erika | |